[Event "Druzynowe Mistrzostwa Polski Juniorow - I Liga"]
[Site "Centrum Wypoczynkowo-Szkoleniowe Gwarek, Ustron"]
[Date "1899-12-30"]
[Round "3.11"]
[White "Olechnicka, Karolina"]
[Black "Harazinska, Ewa"]
[Result "0-1"]
[WhiteTitle "k++"]
[BlackTitle "WFM"]
[WhiteElo "1892"]
[BlackElo "2034"]

1. e4 c5 2. Nf3 e6 3. d4 cxd4 4. Nxd4 a6 5. Bd3 Bc5 6. Nb3 Be7 7. O-O Qc7 8. Be3
Nf6 9. f4 d5 10. e5 Nfd7 11. Qg4 g6 12. N1d2 Nc5 13. Rac1 b5 14. Nf3 Nbd7 15.
Nfd4 Nb6 16. Nxc5 Bxc5 17. Qf3 Nc4 18. Bxc4 bxc4 19. b3 Rb8 20. Qf2 Ba3 21. Rb1
O-O 22. Qh4 Be7 23. Qh6 f6 24. Rf3 fxe5 25. fxe5 Rxf3 26. Nxf3 Bf8 27. Qf4 a5
28. Ng5 Bg7 29. Rf1 Rb7 30. Qh4 h5 31. g4 Qxe5 32. Bc5 Bf6 33. Qf2 Bxg5 34. Qf8+
Kh7 35. Qxc8 Be3+ 36. Kg2 Qe4+ 0-1

[Event "Druzynowe Mistrzostwa Polski Juniorow - I Liga"]
[Site "Centrum Wypoczynkowo-Szkoleniowe Gwarek, Ustron"]
[Date "1899-12-30"]
[Round "3.12"]
[White "Harazinska, Magdalena"]
[Black "Moscicka, Pola"]
[Result "1-0"]
[WhiteTitle "I++"]
[BlackTitle "I"]
[WhiteElo "1857"]
[BlackElo "1644"]

1. e4 c6 2. d4 d5 3. e5 Bf5 4. h4 e6 5. g4 Ne7 6. gxf5 Nxf5 7. Nf3 c5 8. c3 Nc6
9. Bd3 Nfe7 10. Be3 cxd4 11. Bxd4 Nxd4 12. Nxd4 Nc6 13. Bb5 Rc8 14. Nd2 Be7 15.
Rg1 g6 16. h5 Qb6 17. N2f3 a6 18. Bxc6+ bxc6 19. Qc2 c5 20. Nb3 Rb8 21. O-O-O
a5 22. Ng5 Bxg5+ 23. Rxg5 Rg8 24. hxg6 hxg6 25. Nd2 Ke7 26. Nf3 a4 27. Rd2 Qb5
28. Rg4 c4 29. Nd4 Qa6 30. a3 Rb6 31. Rh4 Rbb8 32. Rh7 Rbc8 33. f3 Rcf8 34. Rdh2
Ke8 35. R2h6 Qa8 36. Qd2 Qa6 37. Qg5 Qb6 38. Rh4 Qa6 39. Rf4 Qb6 40. Rf6 Qa6 41.
Nxe6 fxe6 42. Rxf8+ Kxf8 43. Qe7# 1-0

[Event "Druzynowe Mistrzostwa Polski Juniorow - I Liga"]
[Site "Centrum Wypoczynkowo-Szkoleniowe Gwarek, Ustron"]
[Date "1899-12-30"]
[Round "3.13"]
[White "Kucza, Karol"]
[Black "Czajkowski, Adam"]
[Result "1-0"]
[WhiteTitle "k"]
[BlackTitle "I++"]
[WhiteElo "2119"]
[BlackElo "2073"]

1. e4 c5 2. Nf3 e6 3. d4 cxd4 4. Nxd4 a6 5. Bd3 Nc6 6. Nxc6 dxc6 7. Nd2 Qc7 8.
b3 Nf6 9. Bb2 Nd7 10. Qh5 e5 11. Bc4 g6 12. Qf3 f6 13. h4 b5 14. Be2 Bb7 15. h5
Bh6 16. O-O-O O-O-O 17. Kb1 Nc5 18. Qxf6 Bf4 19. Ba3 Rhf8 20. Qh4 Qb6 21. Bg4+
Kb8 22. Qe7 Rfe8 23. Bxc5 Rxe7 24. Bxb6 Rxd2 25. Rxd2 Bxd2 26. Rd1 gxh5 27. Bf5
1-0

[Event "Druzynowe Mistrzostwa Polski Juniorow - I Liga"]
[Site "Centrum Wypoczynkowo-Szkoleniowe Gwarek, Ustron"]
[Date "1899-12-30"]
[Round "3.14"]
[White "Pniaczek, Marek"]
[Black "Madrawski, Krzysztof"]
[Result "0-1"]
[WhiteTitle "I"]
[BlackTitle "I+"]
[WhiteElo "1716"]
[BlackElo "1972"]

1. e4 e6 2. d4 d5 3. Nd2 Nf6 4. e5 Nfd7 5. Bd3 c5 6. c3 Nc6 7. Ngf3 Qb6 8. O-O
cxd4 9. cxd4 Be7 10. Re1 Nf8 11. Nb3 Nb4 12. Bf1 Bd7 13. Be3 Ba4 14. Nfd2 Nd7
15. Qg4 g6 16. Nc5 Bc2 17. a3 Bf5 18. Qd1 Nc2 19. g4 Nxe3 20. fxe3 Nxc5 21. dxc5
Bxc5 22. gxf5 Bxe3+ 23. Kh1 gxf5 24. Qa4+ Kf8 25. Nf3 Rg8 26. Re2 Rc8 27. Rc2
Rd8 28. Qh4 d4 29. Bd3 h6 30. Re1 Rg4 31. Qf6 Rg6 32. Qh4 Rg4 33. Qh5 Qa5 34.
h3 Rg3 35. Ree2 Qd5 36. Rxe3 dxe3 37. Be2 Rg6 38. Qh4 Kg7 39. Rc4 Rg8 40. Rc7
Kh8 41. Kh2 Rg2+ 0-1

[Event "Druzynowe Mistrzostwa Polski Juniorow - I Liga"]
[Site "Centrum Wypoczynkowo-Szkoleniowe Gwarek, Ustron"]
[Date "1899-12-30"]
[Round "3.15"]
[White "Woloch, Oskar"]
[Black "Kucharska, Helena"]
[Result "1-0"]
[WhiteTitle "k"]
[BlackTitle "II"]
[WhiteElo "2108"]
[BlackElo "1120"]

1. c4 e6 2. Nc3 d5 3. d4 c5 4. cxd5 exd5 5. Nf3 Nf6 6. Bg5 Be7 7. dxc5 Be6 8. e3
a6 9. b4 Nc6 10. a3 O-O 11. Be2 h6 12. Bh4 Bg4 13. Nd4 Nxd4 14. exd4 Bxe2 15.
Nxe2 Ng4 16. Bxe7 Qxe7 17. O-O Rfe8 18. Ra2 Rac8 19. h3 Nf6 20. Ng3 Rc6 21. Re2
Ne4 22. Nxe4 dxe4 23. d5 Rg6 24. Re3 Qh4 25. d6 f5 26. Qd5+ Kh7 27. Qxf5 Ree6
28. d7 Qd8 29. Rd1 Ref6 30. Qxe4 Rf8 31. Rg3 Rff6 32. Rxg6 Rxg6 33. Rd6 b5 34.
Qxg6+ Kg8 35. Re6 Qxd7 36. Re8+ Qxe8 37. Qxe8+ Kh7 38. c6 h5 39. Qxh5+ Kg8 40.
c7 Kf8 41. c8=R+ Ke7 42. Re8+ Kd6 43. Qe5+ Kd7 44. Re7+ Kd8 45. Qc7# 1-0

[Event "Druzynowe Mistrzostwa Polski Juniorow - I Liga"]
[Site "Centrum Wypoczynkowo-Szkoleniowe Gwarek, Ustron"]
[Date "1899-12-30"]
[Round "3.16"]
[White "Musial, Tomasz"]
[Black "Gorkiewicz, Mateusz"]
[Result "1-0"]
[WhiteTitle "II"]
[BlackTitle "II"]
[WhiteElo "1595"]
[BlackElo "1353"]

1. e4 e5 2. Nf3 Nc6 3. Bc4 Nf6 4. Ng5 d5 5. exd5 Na5 6. Bb5+ c6 7. dxc6 bxc6 8.
Be2 h6 9. Nf3 e4 10. Ne5 Qd4 11. f4 Bc5 12. Rf1 Qd6 13. c3 Bb6 14. b4 Nb7 15.
Qa4 Nd8 16. Ba3 O-O 17. b5 c5 18. c4 Qd4 19. Nc3 e3 20. Qc2 Nd7 21. Nxd7 Bxd7
22. Rd1 Bf5 23. Qxf5 exd2+ 24. Rxd2 Qxc3 25. Bb2 Qb4 26. Bd3 Re8+ 27. Kd1 Ba5
28. Qh7+ Kf8 29. Qxg7+ Ke7 30. Qf6+ Kd7 31. Bf5+ Kc7 32. Rd7+ Kb8 33. Qd6+ Kc8
34. Rc7+ Kb8 35. Rc8+ Kb7 36. Qa6# 1-0

[Event "Druzynowe Mistrzostwa Polski Juniorow - I Liga"]
[Site "Centrum Wypoczynkowo-Szkoleniowe Gwarek, Ustron"]
[Date "1899-12-30"]
[Round "3.17"]
[White "Dwilewicz, Katarzyna"]
[Black "Pyzio, Amelia"]
[Result "1/2-1/2"]
[WhiteTitle "I++"]
[BlackTitle "I"]
[WhiteElo "1872"]
[BlackElo "1409"]

1. e4 e5 2. Nc3 Nc6 3. g3 Nf6 4. Bg2 Bc5 5. h3 d6 6. d3 Be6 7. Nd5 h6 8. c3 O-O
9. Qf3 Nh7 10. g4 Ne7 11. Ne3 Ng6 12. Ne2 Nh4 13. Qg3 Nxg2+ 14. Qxg2 c6 15. Ng3
d5 16. O-O Kh8 17. Nef5 Nf6 18. Kh2 dxe4 19. dxe4 Qd3 20. f4 Bxf5 21. gxf5 Bd6
22. Rf3 Qd1 23. Rf1 Qd3 24. Rf3 Qb5 25. a4 Qb6 26. Be3 Qc7 27. Raf1 Rg8 28. Kh1
Rae8 29. R3f2 Re7 30. c4 b6 31. fxe5 Bxe5 32. Bf4 c5 33. Qf3 Rge8 34. Re2 Qb7
35. Rfe1 Qa6 36. b3 Qa5 37. Bd2 Qa6 38. Bf4 Qb7 39. Kg2 Qc7 40. Rf1 Qb7 41. Rfe1
1/2-1/2

[Event "Druzynowe Mistrzostwa Polski Juniorow - I Liga"]
[Site "Centrum Wypoczynkowo-Szkoleniowe Gwarek, Ustron"]
[Date "1899-12-30"]
[Round "3.18"]
[White "Kucharska, Honorata"]
[Black "Karlyk, Maria"]
[Result "0-1"]
[WhiteTitle "I++"]
[BlackTitle "I"]
[WhiteElo "1719"]
[BlackElo "1392"]

1. d4 d5 2. Nf3 e6 3. e3 Nf6 4. Bd3 Bd6 5. O-O O-O 6. b3 b6 7. Bb2 Bb7 8. Ne5 Nbd7
9. f4 Ne4 10. Nd2 f5 11. Rf3 Ndf6 12. Rh3 Bxe5 13. fxe5 Ng4 14. Nxe4 dxe4 15.
Be2 Qg5 16. Rg3 h5 17. h3 h4 18. Rxg4 fxg4 19. Bxg4 Qxe3+ 20. Kh1 Rae8 21. Ba3
Rf2 22. Bh5 Qg3 23. Qg4 Qxg4 24. hxg4 Rd8 25. Be7 Rxd4 26. Bxh4 Rxc2 27. Bg5 Kh7
28. Bf7 Bd5 29. Be3 Rd3 30. Re1 Rxa2 31. g5 g6 32. Be8 Ra3 33. Kg1 Raxb3 34. Kf2
Rxe3 35. Rxe3 Rxe3 36. Kxe3 c6 37. Bd7 a5 38. Bc8 b5 39. g4 a4 40. Bd7 a3 0-1

[Event "Druzynowe Mistrzostwa Polski Juniorow - I Liga"]
[Site "Centrum Wypoczynkowo-Szkoleniowe Gwarek, Ustron"]
[Date "1899-12-30"]
[Round "3.19"]
[White "Maj, Kornel"]
[Black "Bus, Konrad"]
[Result "1-0"]
[WhiteTitle "I"]
[BlackTitle "k"]
[WhiteElo "2051"]
[BlackElo "2108"]

1. e4 c5 2. Nf3 e6 3. d3 Nc6 4. g3 d6 5. Bg2 Nf6 6. O-O Be7 7. Re1 O-O 8. c3 Bd7
9. d4 cxd4 10. cxd4 d5 11. e5 Ne4 12. Nbd2 Nxd2 13. Bxd2 Qb6 14. Bc3 Rac8 15.
Rc1 Nb4 16. Ra1 Nc6 17. Qd2 Rc7 18. h4 Bb4 19. h5 Bxc3 20. bxc3 Rcc8 21. h6 g6
22. Rab1 Qc7 23. Qg5 Qd8 24. Rxb7 Qxg5 25. Nxg5 Rfd8 26. Bf1 Ne7 27. Bb5 Bxb5
28. Rxe7 Rd7 29. Rxd7 Bxd7 30. Rb1 Bc6 31. a4 a5 32. Rb6 Bxa4 33. Ra6 Be8 34.
Rxa5 Rb8 35. Ra7 Rc8 36. Rb7 Ra8 37. Rc7 Rb8 38. c4 dxc4 39. Rxc4 Ra8 40. Rc7
Rd8 41. Ne4 1-0

[Event "Druzynowe Mistrzostwa Polski Juniorow - I Liga"]
[Site "Centrum Wypoczynkowo-Szkoleniowe Gwarek, Ustron"]
[Date "1899-12-30"]
[Round "3.21"]
[White "Ochowicz, Jakub"]
[Black "Golenia, Wojciech"]
[Result "1-0"]
[WhiteTitle "I"]
[BlackTitle "I"]
[WhiteElo "1849"]
[BlackElo "1750"]

1. e4 e6 2. d4 d5 3. e5 c5 4. c3 Nc6 5. Nf3 Nge7 6. a3 Nf5 7. Bd3 cxd4 8. Bxf5
exf5 9. cxd4 Be6 10. O-O Be7 11. b4 g5 12. Nc3 Rc8 13. Nb5 g4 14. Ne1 a6 15. Nd6+
Bxd6 16. exd6 Qxd6 17. Nd3 Rg8 18. Bf4 Qe7 19. Ne5 Nxe5 20. Bxe5 Qd7 21. Qd2 Rc4
22. Qh6 Qe7 23. Bf6 Qf8 24. Qf4 Kd7 25. Qd2 Qd6 26. Be5 Qc6 27. Qh6 Rc8 28. g3
Rc3 29. Qxh7 Qa4 30. Qh6 Rxa3 31. Rac1 Rac3 32. Rxc3 Rxc3 33. Qf8 Qc6 34. Bf6
Qd6 35. Qd8+ Kc6 36. Qa5 Rc4 37. Rb1 b6 38. b5+ Kd7 39. Qxa6 f4 40. Be5 Qb4 41.
Ra1 Qc3 42. Bxf4 Bf5 43. Qb7+ Ke8 44. Qb8+ Rc8 45. Qe5+ Be6 46. Qh8+ Ke7 47. Ra7+
Bd7 48. Qe5+ Kf8 49. Bh6+ 1-0

[Event "Druzynowe Mistrzostwa Polski Juniorow - I Liga"]
[Site "Centrum Wypoczynkowo-Szkoleniowe Gwarek, Ustron"]
[Date "1899-12-30"]
[Round "3.22"]
[White "Gawor, Jan Pawel"]
[Black "Polczyk, Mikolaj"]
[Result "0-1"]
[WhiteTitle "II"]
[BlackTitle "I"]
[WhiteElo "1519"]
[BlackElo "1716"]

1. e4 Nf6 2. e5 Nd5 3. d4 d6 4. c4 Nb6 5. exd6 cxd6 6. Nc3 g6 7. Bd3 Bg7 8. Nge2
O-O 9. Be3 Nc6 10. b3 e5 11. d5 Ne7 12. Qd2 Bf5 13. Ng3 Bxd3 14. Qxd3 f5 15. f4
Rc8 16. O-O e4 17. Qd2 Bxc3 18. Qxc3 Nbxd5 19. Qd4 Nxe3 20. Qxe3 Qb6 21. Qxb6
axb6 22. Rfd1 Rfd8 23. Rd2 Rd7 24. Rad1 Rcd8 25. Nf1 d5 26. Rd4 Kf7 27. Ne3 Ke6
28. Kf2 dxc4 29. Rxd7 Rxd7 30. Rxd7 Kxd7 31. Nxc4 Nd5 32. g3 b5 33. Ne5+ Ke6 34.
h4 b4 35. Nc4 b5 36. Na5 Nc3 37. Ke3 Kd5 38. Nb7 Nxa2 39. Kd2 Kd4 40. Nd8 e3+
41. Ke1 Nc1 42. Ne6+ Ke4 43. Ng5+ Kd3 44. Nxh7 Nxb3 45. Nf6 Nd4 46. Nd7 Nf3+ 47.
Kf1 e2+ 48. Kg2 e1=Q 49. Nc5+ Ke3 50. g4 Qg1+ 51. Kh3 fxg4# 0-1

[Event "Druzynowe Mistrzostwa Polski Juniorow - I Liga"]
[Site "Centrum Wypoczynkowo-Szkoleniowe Gwarek, Ustron"]
[Date "1899-12-30"]
[Round "3.23"]
[White "Stebel, Agata"]
[Black "Jedrocha, Katarzyna"]
[Result "1/2-1/2"]
[WhiteTitle "k"]
[BlackTitle "k"]
[WhiteElo "1864"]
[BlackElo "1912"]

1. e4 c6 2. d4 d5 3. Nc3 dxe4 4. Nxe4 Nd7 5. Nf3 Ngf6 6. Nxf6+ Nxf6 7. Bf4 Bg4
8. Be2 e6 9. Qd2 Bd6 10. Bxd6 Qxd6 11. O-O-O O-O-O 12. h3 Bxf3 13. Bxf3 e5 14.
dxe5 Qxe5 15. Qb4 Rxd1+ 16. Rxd1 Re8 17. Qd4 Qxd4 18. Rxd4 h5 19. Kd2 Kc7 20.
Rd3 Ne4+ 21. Bxe4 Rxe4 22. Re3 Rd4+ 23. Rd3 Re4 24. Re3 Rd4+ 25. Rd3 Re4 26. Re3
1/2-1/2

[Event "Druzynowe Mistrzostwa Polski Juniorow - I Liga"]
[Site "Centrum Wypoczynkowo-Szkoleniowe Gwarek, Ustron"]
[Date "1899-12-30"]
[Round "3.24"]
[White "Janiak, Izabela"]
[Black "Bilczewska, Olga"]
[Result "0-1"]
[WhiteTitle "II"]
[BlackTitle "I"]
[WhiteElo "1142"]
[BlackElo "1673"]

1. e4 e5 2. Nf3 Nc6 3. d4 exd4 4. Nxd4 Nf6 5. Nc3 Bb4 6. Nxc6 bxc6 7. Qf3 d5 8.
exd5 cxd5 9. Bd2 O-O 10. h3 Re8+ 11. Be2 Ba6 12. O-O-O Bxe2 13. Nxe2 Bxd2+ 14.
Rxd2 c6 15. Qd3 Ne4 16. Rf1 Nxd2 17. Qxd2 Rb8 18. Nd4 Qb6 19. Qc3 c5 20. Nb3 Qa6
21. Rd1 c4 22. Nd4 Qxa2 23. g3 Qa1+ 24. Kd2 Qxb2 25. Qxb2 Rxb2 26. Ra1 Ra8 27.
Nc6 Rb7 28. Kc3 f6 29. Kd4 Rd7 30. Ra5 Kf7 31. f4 Ke6 32. g4 g6 33. c3 h5 34.
Ke3 hxg4 35. hxg4 Rh8 36. Ra6 Rh3+ 37. Kd4 Rd3+ 38. Kc5 Rc7 39. Kb4 Rb7+ 40. Ka4
Kd7 41. g5 Rd1 42. Nb4 Ra1+ 43. Na2 Rxa2# 0-1

[Event "Druzynowe Mistrzostwa Polski Juniorow - I Liga"]
[Site "Centrum Wypoczynkowo-Szkoleniowe Gwarek, Ustron"]
[Date "1899-12-30"]
[Round "3.25"]
[White "Kowalski, Maciej"]
[Black "Mockun, Dawid"]
[Result "0-1"]
[WhiteTitle "k"]
[BlackTitle "I"]
[WhiteElo "2144"]
[BlackElo "1951"]

1. Nf3 d5 2. g3 Nf6 3. Bg2 c5 4. O-O Nc6 5. c4 d4 6. d3 Bg4 7. a3 a5 8. h3 Bd7
9. e3 dxe3 10. Bxe3 e5 11. Re1 Bd6 12. Bf4 Qe7 13. Nxe5 Nxe5 14. Qe2 O-O 15. Bxe5
Rfe8 16. f4 Bxe5 17. fxe5 Bc6 18. Bxc6 bxc6 19. Qg2 Qd8 20. Nc3 Qd4+ 21. Kh2 Rxe5
22. Rxe5 Qxe5 23. Qxc6 Rb8 24. Qg2 h5 25. Kh1 Qf5 26. Qf1 Qg6 27. Na4 Qxg3 28.
Rd1 h4 29. Qg2 Qe5 30. Qh2 Qe8 31. Nxc5 Qc6+ 32. Ne4 Rd8 33. Rd2 Nxe4 34. dxe4
Qxe4+ 0-1

[Event "Druzynowe Mistrzostwa Polski Juniorow - I Liga"]
[Site "Centrum Wypoczynkowo-Szkoleniowe Gwarek, Ustron"]
[Date "1899-12-30"]
[Round "3.26"]
[White "Buraczewski, Rafal"]
[Black "Karwowski, Kacper"]
[Result "1/2-1/2"]
[WhiteTitle "I"]
[BlackTitle "I++"]
[WhiteElo "1906"]
[BlackElo "2021"]

1. d4 Nf6 2. Nf3 g6 3. c4 Bg7 4. Nc3 O-O 5. Bg5 d6 6. e3 Nbd7 7. Be2 c6 8. O-O
Qc7 9. Qc2 e5 10. dxe5 dxe5 11. Rac1 Re8 12. Nd2 h6 13. Bh4 Nc5 14. b4 Ne6 15.
Bxf6 Bxf6 16. Nce4 Be7 17. c5 f5 18. Nc3 Kg7 19. Rfd1 Ng5 20. Bc4 f4 21. exf4
exf4 22. h4 Nf7 23. Bxf7 Kxf7 24. Nce4 Bf5 25. Qc4+ Kg7 26. Qd4+ Kh7 27. Nd6 Rf8
28. N2c4 Bxh4 29. Nxf5 Rxf5 30. Nd6 Rff8 31. Re1 Rad8 32. Re6 Qg7 33. Qe4 Rd7
34. Re1 Rf6 35. Re7 Rxe7 36. Qxe7 Qxe7 37. Rxe7+ Kg8 38. Nxb7 Rf8 39. Re4 Rb8
40. Na5 Rd8 41. Rxf4 Rd1+ 42. Kh2 Bd8 43. g3 1/2-1/2

[Event "Druzynowe Mistrzostwa Polski Juniorow - I Liga"]
[Site "Centrum Wypoczynkowo-Szkoleniowe Gwarek, Ustron"]
[Date "1899-12-30"]
[Round "3.27"]
[White "Kabacinski, Krzysztof"]
[Black "Poplawski, Maciej"]
[Result "0-1"]
[WhiteTitle "II"]
[BlackTitle "I"]
[WhiteElo "1565"]
[BlackElo "1866"]

1. e4 c6 2. d4 d5 3. Nc3 dxe4 4. Nxe4 Nf6 5. Nxf6+ gxf6 6. Be3 Bf5 7. Bd3 e6 8.
Bxf5 Qa5+ 9. c3 Qxf5 10. Qf3 Qc2 11. Qe2 Qg6 12. g3 Bd6 13. Nf3 Nd7 14. O-O-O
O-O-O 15. Nh4 Qg7 16. Qh5 Rhe8 17. Qa5 Kb8 18. Qa4 Nb6 19. Qb3 Bc7 20. Nf3 Qg6
21. h4 Ka8 22. Nd2 Rd5 23. Qc2 f5 24. c4 Rdd8 25. b4 e5 26. dxe5 Bxe5 27. Nf3
Qe6 28. Bxb6 axb6 29. Rxd8+ Rxd8 30. Re1 Qh6+ 31. Kb1 Bh8 32. Ne5 Qd6 33. Nxf7
Qxb4+ 34. Qb3 Qxe1+ 0-1

[Event "Druzynowe Mistrzostwa Polski Juniorow - I Liga"]
[Site "Centrum Wypoczynkowo-Szkoleniowe Gwarek, Ustron"]
[Date "1899-12-30"]
[Round "3.28"]
[White "Wierzbicki, Michal"]
[Black "Rogala, Milosz"]
[Result "1-0"]
[WhiteTitle "I"]
[BlackTitle "II"]
[WhiteElo "1725"]
[BlackElo "1356"]

1. d4 d5 2. Nf3 Nf6 3. c4 c6 4. e3 a6 5. Nc3 b5 6. cxd5 cxd5 7. a3 Bb7 8. Bd3 e6
9. O-O Bd6 10. Qe2 Nbd7 11. e4 dxe4 12. Nxe4 Nxe4 13. Bxe4 Bxe4 14. Qxe4 O-O 15.
Bg5 Nf6 16. Bxf6 Qxf6 17. Rac1 h6 18. Rc6 Qe7 19. Re1 Rfc8 20. h3 Rxc6 21. Qxc6
Ra7 22. d5 e5 23. Qc8+ Qf8 24. Qxf8+ Kxf8 25. Nxe5 Bxe5 26. Rxe5 Re7 27. f4 f6
28. Re6 Ra7 29. Kf2 Kf7 30. Ke3 f5 31. Kd4 g5 32. Rxh6 Kg7 33. fxg5 Ra8 34. d6
Rc8 35. d7 Rd8 36. Rd6 Kf7 37. Ke5 Ke7 38. g6 Rg8 39. d8=Q+ 1-0

[Event "Druzynowe Mistrzostwa Polski Juniorow - I Liga"]
[Site "Centrum Wypoczynkowo-Szkoleniowe Gwarek, Ustron"]
[Date "1899-12-30"]
[Round "3.29"]
[White "Antolak, Julia"]
[Black "Murawko, Katarzyna"]
[Result "1-0"]
[WhiteTitle "k+"]
[BlackTitle "k"]
[WhiteElo "1974"]
[BlackElo "1948"]

1. e4 c5 2. Nf3 g6 3. d4 Bg7 4. Nc3 cxd4 5. Nxd4 Nc6 6. Be3 d6 7. Bc4 Nf6 8. f3
O-O 9. Qd2 Ne5 10. Bb3 a6 11. h4 h5 12. O-O-O Qc7 13. g4 e6 14. Bh6 b5 15. Bxg7
Kxg7 16. gxh5 Nxh5 17. f4 Ng4 18. f5 b4 19. Na4 Ng3 20. Rhe1 exf5 21. exf5 Bxf5
22. Nxf5+ Nxf5 23. h5 Rab8 24. Qg5 Ngh6 25. hxg6 f6 26. Qf4 a5 27. Be6 b3 28.
axb3 Rb4 29. Qf2 Ne7 30. Rh1 Re4 31. Bc4 Rh8 32. Qf3 f5 33. Nc3 Rg4 34. Nb5 Qc6
35. Qc3+ 1-0

[Event "Druzynowe Mistrzostwa Polski Juniorow - I Liga"]
[Site "Centrum Wypoczynkowo-Szkoleniowe Gwarek, Ustron"]
[Date "1899-12-30"]
[Round "3.30"]
[White "Rudzinska, Michalina"]
[Black "Nowicka, Julia"]
[Result "1-0"]
[WhiteTitle "I"]
[BlackTitle "I"]
[WhiteElo "1693"]
[BlackElo "1298"]

1. e4 e5 2. Nf3 Nc6 3. Bb5 a6 4. Ba4 Nf6 5. d3 b5 6. Bb3 d6 7. c3 Be7 8. O-O O-O
9. Nbd2 Na5 10. Bc2 c5 11. Re1 Bb7 12. Nf1 Qc7 13. Ng3 Rac8 14. h3 Nc6 15. Nh2
d5 16. Qf3 c4 17. exd5 Nxd5 18. dxc4 Nf6 19. Ng4 Nb8 20. Nxf6+ Bxf6 21. Qf5 e4
22. Nxe4 Nd7 23. Nc5 g6 24. Qxd7 Qxc5 25. Qxb7 Bh4 26. Qf3 Rc6 27. Be3 Qd6 28.
cxb5 axb5 29. Rad1 Qc7 30. Bb3 Rf6 31. Qg4 1-0

[Event "Druzynowe Mistrzostwa Polski Juniorow - I Liga"]
[Site "Centrum Wypoczynkowo-Szkoleniowe Gwarek, Ustron"]
[Date "1899-12-30"]
[Round "4.1"]
[White "Korpalski, Maciej"]
[Black "Mockun, Dawid"]
[Result "0-1"]
[WhiteTitle "I"]
[BlackTitle "I"]
[WhiteElo "1838"]
[BlackElo "1951"]

1. e4 c6 2. d4 d5 3. Nc3 dxe4 4. Nxe4 Nf6 5. Nxf6+ exf6 6. c3 Bd6 7. Bd3 O-O 8.
Qc2 Re8+ 9. Ne2 h6 10. O-O Qc7 11. h3 Nd7 12. Bd2 b6 13. c4 c5 14. Be4 Bb7 15.
Bxb7 Qxb7 16. Rfe1 Rad8 17. Bc3 Bb8 18. b3 h5 19. h4 Re4 20. g3 Rde8 21. d5 f5
22. Kg2 b5 23. f3 Re3 24. Kf2 bxc4 25. bxc4 Qa6 26. Bd2 R3e7 27. Nf4 Rxe1 28.
Rxe1 Rxe1 29. Kxe1 Ne5 30. Qb3 Bd6 31. Nxh5 Nxc4 32. Bc3 Ne5 33. f4 Nd3+ 34. Kd2
c4 35. Qb1 f6 36. Ke2 Qxa2+ 37. Qxa2 Nc1+ 38. Kd2 Nxa2 39. Bd4 a5 40. Be3 Nb4
41. g4 fxg4 42. Ng3 Nxd5 0-1

[Event "Druzynowe Mistrzostwa Polski Juniorow - I Liga"]
[Site "Centrum Wypoczynkowo-Szkoleniowe Gwarek, Ustron"]
[Date "1899-12-30"]
[Round "4.2"]
[White "Buraczewski, Rafal"]
[Black "Holownia, Michal"]
[Result "0-1"]
[WhiteTitle "I"]
[BlackTitle "II+"]
[WhiteElo "1906"]
[BlackElo "1871"]

1. d4 Nf6 2. Nf3 c5 3. d5 e6 4. Nc3 b5 5. dxe6 fxe6 6. Nxb5 d5 7. g3 Qa5+ 8. Nc3
d4 9. Nxd4 cxd4 10. Qxd4 Bb7 11. e4 Bxe4 12. Bb5+ Bc6 13. Qe5 Kf7 14. O-O Bb4
15. Re1 Re8 16. a4 a6 17. Bxc6 Nxc6 18. Qf4 Bxc3 19. bxc3 Qxc3 20. Bd2 Qd4 21.
Qc7+ Qd7 22. Qf4 Qd4 23. Qc7+ Qd7 24. Qf4 Rad8 25. Bc3 Qd6 26. Qh4 Nd4 27. Re3
Qd5 28. Bxd4 Qxd4 29. Qh3 Qxa1+ 0-1

[Event "Druzynowe Mistrzostwa Polski Juniorow - I Liga"]
[Site "Centrum Wypoczynkowo-Szkoleniowe Gwarek, Ustron"]
[Date "1899-12-30"]
[Round "4.3"]
[White "Sernecki, Franciszek"]
[Black "Poplawski, Maciej"]
[Result "1-0"]
[WhiteTitle "I"]
[BlackTitle "I"]
[WhiteElo "1932"]
[BlackElo "1866"]

1. d4 Nf6 2. Nf3 d5 3. c4 e6 4. e3 c6 5. Nbd2 Bd6 6. Bd3 Nbd7 7. e4 dxe4 8. Nxe4
Nxe4 9. Bxe4 O-O 10. O-O h6 11. b3 e5 12. dxe5 Nxe5 13. Bb2 Qc7 14. Nxe5 Bxe5
15. Bxe5 Qxe5 16. Re1 Qc5 17. Bc2 g6 18. h3 Qg5 19. Qc1 Qxc1 20. Raxc1 Bd7 21.
Rcd1 Rad8 22. Re7 Bc8 23. Rxd8 Rxd8 24. Rc7 Kg7 25. b4 Be6 26. Rxb7 Bxc4 27. Rxa7
Rd2 28. Be4 Bxa2 29. Bxc6 Bd5 30. Rd7 Rd1+ 31. Kh2 Bb3 32. Rxd1 Bxd1 33. b5 Ba4
34. Bd7 1-0

[Event "Druzynowe Mistrzostwa Polski Juniorow - I Liga"]
[Site "Centrum Wypoczynkowo-Szkoleniowe Gwarek, Ustron"]
[Date "1899-12-30"]
[Round "4.4"]
[White "Wierzbicki, Michal"]
[Black "Kawaler, Adam"]
[Result "1/2-1/2"]
[WhiteTitle "I"]
[BlackTitle "I"]
[WhiteElo "1725"]
[BlackElo "1553"]

1. d4 d6 2. Nf3 Nd7 3. e3 Ngf6 4. c4 e5 5. Nc3 Be7 6. Be2 O-O 7. O-O c6 8. Qc2
Qc7 9. Rd1 a6 10. a4 a5 11. e4 Rd8 12. dxe5 dxe5 13. Bg5 b6 14. Rd2 h6 15. Bh4
Ba6 16. Rad1 Nc5 17. Bg3 Nfd7 18. Rb1 Ne6 19. Nd1 Bb4 20. Nc3 Be7 21. Nd1 Bb4
22. Nc3 Be7 23. Nd1 Bb4 24. Nc3 Be7 25. Rbd1 Bf6 26. Rb1 Be7 27. Rbd1 Bf6 28.
Re1 Ndc5 29. Red1 Nd7 30. Rb1 Be7 31. Rbd1 Bf6 32. Rf1 Ndc5 33. Rfd1 Nd7 34. Rb1
Be7 35. Rbd1 Bf6 36. Rf1 Ndc5 37. Rfd1 Nd7 38. Rb1 Be7 39. Rbd1 Bf6 40. Rf1 Ndc5
41. Rfd1 Nd7 42. Na2 Rac8 43. h3 Nf4 44. Ne1 Nxe2+ 45. Rxe2 Nc5 46. Rxd8+ Rxd8
47. b4 Ne6 48. Qc3 Rd4 49. b5 cxb5 50. cxb5 Rc4 51. Qd3 Bb7 52. Rc2 Rxc2 53. Qxc2
Qxc2 54. Nxc2 Bxe4 55. Ne3 Nf4 56. Nc3 Bd3 57. Ned5 Nxd5 58. Nxd5 Bd8 59. Bxe5
Bc2 60. Nc3 f6 61. Bd4 Kf7 62. Kf1 Ke6 63. Ke2 Bc7 64. Kd2 Bb3 65. Kd3 h5 66.
Ke3 1/2-1/2

[Event "Druzynowe Mistrzostwa Polski Juniorow - I Liga"]
[Site "Centrum Wypoczynkowo-Szkoleniowe Gwarek, Ustron"]
[Date "1899-12-30"]
[Round "4.5"]
[White "Dmochowska, Agnieszka"]
[Black "Murawko, Katarzyna"]
[Result "0-1"]
[WhiteTitle "WCM"]
[BlackTitle "k"]
[WhiteElo "1869"]
[BlackElo "1948"]

1. e4 c5 2. c3 b6 3. d4 Bb7 4. Bd3 Nf6 5. Qe2 cxd4 6. cxd4 Nc6 7. Be3 Nb4 8. Nc3
Nxd3+ 9. Qxd3 g6 10. Nge2 Bg7 11. O-O O-O 12. f3 d6 13. a4 a6 14. Rac1 e6 15.
Qd2 Re8 16. Bg5 Qd7 17. Rfd1 Rec8 18. b3 Ne8 19. d5 e5 20. Qd3 Bf6 21. Be3 Bd8
22. Rf1 b5 23. axb5 axb5 24. Ra1 b4 25. Na4 Ba6 26. Qd2 Qb5 27. Ng3 h5 28. Rfc1
Qd3 29. Rxc8 Rxc8 30. Nb2 Qxb3 31. Rxa6 Rc2 32. Qe1 Qxb2 33. Qf1 Qc3 0-1

[Event "Druzynowe Mistrzostwa Polski Juniorow - I Liga"]
[Site "Centrum Wypoczynkowo-Szkoleniowe Gwarek, Ustron"]
[Date "1899-12-30"]
[Round "4.6"]
[White "Rudzinska, Michalina"]
[Black "Frej, Zofia"]
[Result "0-1"]
[WhiteTitle "I"]
[BlackTitle "I+"]
[WhiteElo "1693"]
[BlackElo "1823"]

1. e4 c5 2. Nf3 Nc6 3. d4 cxd4 4. Nxd4 g6 5. Nc3 Bg7 6. Be3 Nf6 7. Bc4 Qa5 8. O-O
O-O 9. Bb3 d6 10. h3 Bd7 11. f4 Rac8 12. Qf3 Nxd4 13. Bxd4 Bc6 14. Rad1 b5 15.
a3 Nd7 16. Bd5 Bxd4+ 17. Rxd4 Qb6 18. Qf2 Nf6 19. Bxc6 Qxc6 20. Rfd1 Qc5 21. R4d3
a6 22. g4 h6 23. Kg2 Qxf2+ 24. Kxf2 Rc5 25. Kf3 Rfc8 26. Rd4 Kg7 27. R1d2 g5 28.
fxg5 hxg5 29. Nd5 Nxd5 30. Rxd5 Rxd5 31. exd5 Kf6 32. c3 Rc4 33. Re2 Rf4+ 34.
Kg3 Rf1 35. Re3 Rd1 36. Rf3+ Kg7 37. Rf5 f6 38. Rf2 Rxd5 39. Re2 Rd3+ 40. Kg2
Kf7 41. Kh2 e5 42. Kg2 Ke6 43. Kh2 d5 44. Kg2 a5 45. Rf2 e4 46. Re2 Ke5 47. Rf2
Ke6 48. Re2 Rd1 49. Kg3 Rf1 50. Kg2 Rf3 51. Re1 f5 52. gxf5+ Kxf5 53. Rd1 Ke5
54. Rd2 Rf5 55. Re2 d4 56. cxd4+ Kxd4 57. Rd2+ Kc4 58. Rd8 Kb3 59. Rd2 Kc4 60.
Rd8 Re5 61. Kf1 e3 62. Ke2 Kb3 63. Ra8 a4 64. Rd8 Kxb2 65. Rd3 Kc2 66. Rd4 Kb3
67. Rd3+ Kb2 68. Ke1 b4 0-1